Dân ca các dân tộc thiểu số Việt Nam Dân ca trữ tình sinh hoạt Q.1
vv
Đã lưu trong:
| Tác giả chính: | |
|---|---|
| Định dạng: | Sách |
| Năm xuất bản: |
H.:
Khoa học xã hội,
2015
|
| Chủ đề: | |
| Tags: |
Thêm thẻ
Không có thẻ, Hãy là người đầu tiên gắn thẻ bản ghi này!
|
| LEADER | 00554nam a2200145 4500 | ||
|---|---|---|---|
| 082 | |a 398.8 |b TR120TH | ||
| 100 | |a Trần Thị An | ||
| 245 | |a Dân ca các dân tộc thiểu số Việt Nam |c Trần Thị An |n Q.1 |b Dân ca trữ tình sinh hoạt | ||
| 260 | |a H.: |b Khoa học xã hội, |c 2015 | ||
| 300 | |a 391tr.; |c 21cm | ||
| 520 | |a vv | ||
| 653 | |a Văn hóa dân gian | ||
| 942 | |2 ddc |c SH | ||
| 999 | |c 11471 |d 11471 | ||
| 952 | |0 0 |1 0 |2 ddc |4 0 |6 398_800000000000000_TR120TH |7 0 |8 300 |9 98687 |a qbu |b qbu |c D2 |d 2015-11-13 |g 70000 |o 398.8 TR120TH |p 11128.C1 |r 0000-00-00 |w 2015-11-13 |y SH | ||